Konkurencieschopnosť slovenského mliekarenského priemyslu v procese prípravy pre vstup do EÚ

Posúdenie konkurencieschopnosti slovenských potravinárskych výrobkov má mimoriadny význam v predvstupovom období Slovenska do európskych štruktúr. Analýza súčasného stavu mliekarenského priemyslu na Slovensku a výpočet vybraných ukazovateľov umožňujúcich posudzovať konkurencieschopnosť výrobkov mlie...

Descrizione completa

Salvato in:
Dettagli Bibliografici
Autore principale: Nagyová, Ľudmila
Natura: Capitolo di libro
Lingua:slovacco
Soggetti:
Tags: Aggiungi Tag
Nessun Tag, puoi essere il primo ad aggiungerne!!

MARC

LEADER 00000naa a2200000 4500
001 r040119
005 20230922112021.6
041 0 |a slo 
044 |a CZ 
245 1 0 |a Konkurencieschopnosť slovenského mliekarenského priemyslu v procese prípravy pre vstup do EÚ  |c Ľudmila Nagyová 
520 |a Posúdenie konkurencieschopnosti slovenských potravinárskych výrobkov má mimoriadny význam v predvstupovom období Slovenska do európskych štruktúr. Analýza súčasného stavu mliekarenského priemyslu na Slovensku a výpočet vybraných ukazovateľov umožňujúcich posudzovať konkurencieschopnosť výrobkov mliekarenského priemyslu poukázali na kladné saldo v zahraničnom obchode s mliekom a mliečnymi výrobkami, komparatívne výhody ako aj ich nízku konkurencieschopnosť na trhu CEFTA a EÚ. V závere príspevku sú načrtnuté oblasti, v ktorých reštrukturalizácia tohto odvetvia bude pokračovať. 
610 2 0 |a priemysel mliekarský 
610 2 0 |a mlieko 
610 2 0 |a potravinárstvo 
610 2 0 |a Slovensko 
610 2 0 |a ukazovatele ekonomické 
610 2 0 |a konkurencieschopnosť 
610 2 0 |a výhody konkurenčné 
610 2 0 |a trh zahraničný 
610 2 0 |a Európska únia 
100 1 |a Nagyová, Ľudmila